[Event "Paracin-ch"]
[Site "Paracin"]
[Date "2016.01.21"]
[Round "3"]
[White "Rajkovic, Slobodan"]
[Black "Madic, Zivko"]
[Result "1/2-1/2"]
[WhiteElo "1753"]
[BlackElo "1983"]
[PlyCount "111"]
[EventDate "2016.01.19"]
[EventType "swiss"]
[EventRounds "9"]
[EventCountry "SRB"]
[SourceTitle "CBM 170 Extra"]
[Source "ChessBase"]
[SourceDate "2016.02.25"]
[SourceVersion "1"]
[SourceVersionDate "2016.02.25"]
[SourceQuality "1"]

1. Nf3 Nf6 2. g3 g6 3. Bg2 Bg7 4. 0-0 0-0 5. d4 d6 6. Nbd2 c6 7. e4 Qc7 8. e5 Nd5 9. Nc4 Nd7 10. exd6 exd6 11. Ne3 N7b6 12. c3 Re8 13. Re1 Bd7 14. Bd2 a5 15. Nxd5 Nxd5 16. Qb3 a4 17. Qa3 b5 18. Ng5 h6 19. Ne4 Bf8 20. Bf4 b4 21. cxb4 f5 22. Nd2 Nxf4 23. gxf4 d5 24. Qg3 Kh7 25. a3 Bd6 26. Qc3 Bxf4 27. Nf3 Rxe1+ 28. Rxe1 Re8 29. Ne5 Qd6 30. h3 Re6 31. Nxd7 Qxd7 32. Rxe6 Qxe6 33. Kf1 Qd6 34. b3 axb3 35. Qxb3 Qb8 36. Bf3 Qb6 37. Qc3 Bd6 38. Be2 Be7 39. Bd3 Bf6 40. Qc5 Bxd4 41. Qxb6 Bxb6 42. a4 Kg7 43. a5 Ba7 44. b5 cxb5 45. Bxb5 Kf6 46. h4 Ke5 47. Be8 g5 48. hxg5 hxg5 49. Ke2 Kf4 50. Bc6 d4 51. f3 g4 52. fxg4 fxg4 53. Kf2 d3+ 54. Kg2 g3 55. a6 d2 56. Ba4 1/2-1/2